[Event "XXVI Ciudad de Linares"]
[Site "Linares"]
[Date "2009.02.24"]
[Round "5"]
[White "Ivanchuk, Vassily"]
[Black "Anand, Viswanathan"]
[Result "1/2-1/2"]
[WhiteElo "2779"]
[BlackElo "2791"]
[PlyCount "129"]
[EventDate "2009.??.??"]
[EventCountry "ESP"]
[Source "Chess Tigers"]
[SourceDate "2009.01.01"]

1. d4 d5 2. c4 c6 3. Nf3 Nf6 4. Nc3 dxc4 5. a4 Bf5 6. e3 e6 7. Bxc4 Bb4 8. O-O
O-O 9. Qe2 Nbd7 10. e4 Bg6 11. Bd3 Bh5 12. e5 Nd5 13. Nxd5 cxd5 14. Qe3 Re8 (
14... Bg6 15. Ng5 Re8 16. f4 Bxd3 17. Qxd3 f5 18. Be3 Nf8 19. Kh1 Rc8 20. g4
Qd7 21. Rg1 Be7 22. Nf3 Rc4 23. Rg2 fxg4 24. Rxg4 Rxa4 25. Rag1 g6 26. h4 Rb4
27. h5 Qb5 28. Qc2 Rxb2 29. hxg6 h5 30. g7 hxg4 {0-1 Topalov,V (2813)-Kramnik,
V (2743)/Elista 2006/CBM 115}) (14... Be7 15. Ng5 (15. Ne1 Rc8 16. Bd2 Bg6 17.
g4 Rc6 18. Bb5 Rc8 19. Bd3 Rc6 20. Bb5 Rc8 21. Bc3 f5 22. exf6 Nxf6 23. f3 e5
24. Qxe5 Bd6 25. Qe2 Qc7 26. Rd1 h5 27. g5 Nh7 28. h4 Bg3 29. Ng2 Rf7 30. f4
Rcf8 31. Bb4 Bxf4 32. Bxf8 Nxf8 33. Bd3 Re7 34. Qf3 Bh2+ 35. Kh1 Bf7 36. Rc1
Qb8 37. Rce1 Rd7 38. Bb5 {1-0 Eljanov,P (2701)-Harikrishna,P (2664)/Montreal
2007/CBM 119}) 15... Bxg5 16. Qxg5 Bg6 17. Be2 (17. Bxg6 fxg6 18. Qg4 Rf5 19.
Be3 Nb8 20. a5 a6 21. Rfc1 Nc6 22. Rc5 Na7 23. Rac1 Nb5 24. h4 Qe8 25. g3 Rf8
26. R1c2 Qf7 27. Kg2 h6 28. Qd1 Qf5 29. f3 h5 30. Bf4 Kh7 31. Be3 Rae8 32. Bg5
Kg8 33. Be3 Kh7 34. Bg5 {1/2-1/2 Bacrot,E (2729)-Akopian,V (2705)/Gothenburg
2005/CBM 109}) 17... Nb8 (17... Qxg5 18. Bxg5 Nb8 19. a5 Nc6 20. Be3 Rfc8 21.
Ra3 Nd8 22. Re1 Rc2 23. b4 Nc6 24. b5 Nb4 25. Rb3 Na2 26. h4 h5 27. Bf1 Rac8
28. b6 a6 29. Kh2 Kf8 30. Re2 Rxe2 31. Bxe2 Ke7 32. Bd2 Kd7 33. Rb2 Nc3 34.
Bxc3 Rxc3 35. Bxa6 Kc8 36. Be2 Kb8 37. Bb5 Kc8 38. Rb4 Ra3 39. Ba4 f6 40. exf6
gxf6 41. a6 bxa6 42. Bd7+ Kb7 43. Bxe6 Ra5 44. Bd7 Bd3 45. Bc6+ Kb8 46. Rb2 Bc4
47. f3 Ra1 48. g4 hxg4 49. fxg4 Re1 50. h5 Re6 51. Bd7 Re7 52. Bf5 Kb7 53. h6
a5 54. h7 Re8 55. g5 fxg5 56. Rg2 a4 57. Rxg5 a3 58. Rg8 a2 59. Rxe8 {1-0
Cheparinov,I (2696)-Akopian,V (2679)/Elista 2008/CB01_2009}) 18. Qe3 (18. Qxd8
Rxd8 19. a5 (19. Bd2 Nc6 20. Bc3 Rdc8 21. a5 a6 22. Rfe1 Na7 23. Bb4 Nc6 24.
Bc3 Na7 25. h4 Nb5 26. h5 Bc2 27. Bxb5 axb5 28. Re2 Bf5 29. Re3 Rc4 30. b3 Rc6
31. Bb4 h6 32. f3 Rac8 33. g4 Rc1+ 34. Re1 Rxe1+ 35. Rxe1 Bd3 36. Bc5 Ra8 37.
Re3 Bb1 38. b4 Rc8 39. Kf2 g6 40. Re1 Bc2 41. Rc1 Bb3 42. Rh1 Kh7 43. Ke3 Bc4
44. f4 Rg8 45. hxg6+ Rxg6 46. g5 Kg8 47. Be7 hxg5 48. fxg5 Rg7 49. Kf4 Rh7 50.
Rh6 Bd3 51. Bf6 Bg6 52. Kg3 Kf8 53. Kf4 Ke8 54. Kg4 Kd7 55. Rxh7 Bxh7 56. Kh5
Ke8 57. Kh6 Bg6 58. Kg7 Bf5 59. Kg8 {1/2-1/2 Topalov,V (2769)-Bu Xiangzhi 
(2692)/Bilbao 2007/CBM 120 ext}) 19... Nc6 20. Be3 a6 21. Rfc1 Rac8 22. h4 Nb4
23. Rc3 h6 24. h5 Be4 25. Rac1 Rc6 26. f3 Bh7 27. Rb3 Rxc1+ 28. Bxc1 Nc6 29.
Rxb7 Nxa5 30. Rb6 Rc8 31. Bd2 Nc4 32. Bxc4 dxc4 33. Rxa6 Rb8 34. Bc3 Bd3 35.
Kf2 Rb7 36. g4 Kh7 37. Ke3 g6 38. d5 exd5 39. Ra8 Re7 40. Kf4 gxh5 41. gxh5 Re6
42. Rd8 Bc2 43. Rxd5 Ba4 44. Rc5 Ra6 45. Rc7 Be8 46. Kg4 Rc6 47. Ra7 Rc8 48. f4
Kg8 49. f5 Rd8 50. e6 Rc8 51. f6 Rb8 52. e7 Kh7 53. Kf4 Rc8 54. Ra1 Bb5 55. Rg1
{1-0 Carlsen,M (2786)-Bu Xiangzhi (2714)/Cap d'Agde 2008/EXT 2009}) 18... Nc6
19. Bd2 Rc8 20. Bc3 Qh4 21. g3 Qe4 22. Rac1 f6 23. Qxe4 Bxe4 24. exf6 gxf6 25.
f3 Bg6 26. Rfd1 Rfd8 27. Bf1 Bf5 28. Kf2 e5 29. dxe5 d4 30. Be1 fxe5 31. Bd2
Rf8 32. Re1 Rce8 33. Rc5 Bg6 34. Bc4+ Kh8 35. Bh6 Rf6 36. Bg5 Rf5 37. h4 Ref8
38. f4 exf4 39. Rxf5 fxg3+ 40. Kxg3 Rxf5 41. b4 Kg7 42. Bf4 a6 43. b5 axb5 44.
axb5 Na5 45. Ba2 Rxb5 46. Be5+ Kh6 47. Bf4+ Kg7 48. Be5+ Kh6 49. Bf4+ {1/2-1/2
Topalov,V (2791)-Bu Xiangzhi (2714)/Nanjing 2008/CB53_2008}) (14... h6 15. Ne1
Bxe1 16. Rxe1 Bg6 17. Be2 Rc8 18. Bd2 Nb8 19. a5 (19. Bb4 Re8 20. Bb5 Nc6 21.
Bc5 Qg5 22. Qxg5 hxg5 23. a5 a6 24. Bf1 f6 25. b4 fxe5 26. dxe5 g4 27. Ra2 Be4
28. Bd6 Nd4 29. Rd2 Nb5 30. Bc5 Bf5 31. Re3 Kf7 32. f3 gxf3 33. Rxf3 Kg6 34.
Rdf2 Rc7 35. h4 Kh7 36. g4 Bxg4 37. Rf7 Rec8 38. Bd3+ Kh6 39. Kg2 Nc3 40. Kg3
Bf5 41. Rxc7 Rxc7 42. Bxf5 exf5 43. Rxf5 g6 44. Rf8 Ne4+ 45. Kf4 Nxc5 46. bxc5
d4 47. Ke4 d3 48. e6 Kg7 49. Rf1 Rxc5 50. e7 Rc2 51. Kxd3 Rc8 52. Kd4 Re8 53.
Re1 Kf7 54. Kc5 Rc8+ 55. Kb6 Ke8 56. Kxb7 Rc4 57. Kxa6 Rxh4 58. Kb5 {1-0
Elwert,H (2681)-Morgado,J (2618)/email 1999/Corr 2002}) 19... Qe7 20. Rec1 Qd7
21. Bb4 Rxc1+ 22. Rxc1 Rc8 23. Bd6 Rxc1+ 24. Qxc1 Nc6 25. Qc5 a6 26. b4 {1/2-1/
2 Kramnik,V (2760)-Bareev,E (2698)/Bugojno 1999/CBM 074}) 15. Ne1 Bg6 (15...
Rc8 16. f4 Bxe1 17. Rxe1 Bg6 18. Bf1 Rc2 19. b3 Qa5 20. Bb5 Rd8 21. Re2 Rcc8
22. Bd2 Qb6 23. Rf2 a6 24. Bf1 Rc6 25. b4 Rc2 26. b5 a5 27. Bc3 Rxf2 28. Qxf2
Qa7 29. Qd2 Ra8 30. Rc1 Nb6 31. Bb2 Nxa4 32. Ba3 h6 33. h3 Be4 34. Kh2 Nb6 35.
Bc5 a4 36. Ra1 Nc4 37. Bxc4 b6 38. Qe3 Rc8 39. Bf1 bxc5 40. dxc5 Qxc5 41. Qxc5
Rxc5 42. b6 Rc6 43. b7 Rb6 44. Ba6 d4 45. Rxa4 Bxb7 46. Bxb7 Rxb7 47. Rxd4 {1/
2-1/2 Topalov,V (2813)-Kramnik,V (2743)/Elista 2006/CBM 115}) (15... Bxe1 16.
Rxe1 Bg6 17. Be2 a6 18. Bd2 Rc8 19. Rec1 Qb6 20. b4 Qa7 21. h4 h6 22. a5 Nb8
23. h5 Be4 24. b5 axb5 25. Bxb5 Nc6 26. a6 Qb6 27. axb7 Qxb7 28. Ba6 Qd7 29.
Bxc8 Rxc8 30. Rc5 Ne7 31. Rxc8+ Nxc8 32. Bb4 Nb6 33. Bc5 Nc4 34. Ra8+ Kh7 35.
Qb3 Qc7 36. f3 Bf5 37. g4 Nxe5 38. gxf5 Nc4 39. Qb8 {1-0 Caselas Cabanas,J 
(2423)-Rudolph,J (2266)/Sanxenxo 2007/CBM 118 ext}) 16. Bxg6 hxg6 17. Nd3 Qb6 (
17... Be7 18. Bd2 Rc8 19. Rfc1 Nb8 20. Rxc8 Qxc8 21. Rc1 Qd7 22. b3 b6 23. Bb4
Bxb4 24. Nxb4 a5 25. Na2 Rc8 26. Rc3 Nc6 {1/2-1/2 Banusz,T (2389)-Erdos,V 
(2454)/Budapest 2004/CBM 102 ext}) 18. Nxb4 Qxb4 19. b3 Rac8 20. Ba3 Qc3 21.
Rac1 Qxe3 22. fxe3 f6 23. Bd6 a5 $146 (23... g5 24. h3 Kf7 25. Kf2 Kg6 26. Ke2
fxe5 27. dxe5 b6 28. b4 Rc4 29. Rxc4 dxc4 30. Rc1 Rc8 31. g4 a5 32. b5 c3 33.
Rc2 Kf7 34. Kd3 Nc5+ 35. Bxc5 Rxc5 36. Rxc3 Rxc3+ 37. Kxc3 {1/2-1/2 Anand,V 
(2783)-Kramnik,V (2772)/Bonn 2008/CBM 127}) 24. Bc7 fxe5 25. dxe5 b6 26. Rc3
Rf8 27. Rfc1 Rf5 28. g4 Rf7 29. Bd6 Nc5 30. Bxc5 bxc5 31. Rxc5 Rcf8 32. Rxa5
Rf3 33. Ra7 g5 34. Re1 d4 35. exd4 Rxb3 36. Rf1 Rd3 37. Rxf8+ Kxf8 38. a5 Rxd4
39. h3 Kg8 40. a6 Ra4 41. Kf2 Ra5 42. Kf3 Rxe5 43. Re7 Kh7 44. Re8 Ra5 45. Rxe6
Ra3+ 46. Ke4 Rxh3 47. Kd5 Rc3 48. Rb6 g6 49. Kd6 Kh6 50. Rb8 Ra3 51. Ra8 Kg7
52. Kc5 Ra1 53. Kb6 Rb1+ 54. Ka7 Rb4 55. Rb8 Rxg4 56. Rb5 Ra4 57. Rxg5 Rb4 58.
Rc5 Kh6 59. Rc6 Kh5 60. Rb6 Rf4 61. Rb5+ g5 62. Kb6 Rf6+ 63. Ka5 Rf7 64. Kb6
Rf6+ 65. Ka5 1/2-1/2

[Event "XXVI Ciudad de Linares"]
[Site "Linares"]
[Date "2009.02.24"]
[Round "5"]
[White "Wang, Yue"]
[Black "Aronian, Levon"]
[Result "1/2-1/2"]
[WhiteElo "2739"]
[BlackElo "2750"]
[PlyCount "52"]
[EventDate "2009.??.??"]
[EventCountry "ESP"]
[Source "Chess Tigers"]
[SourceDate "2009.01.01"]

1. d4 d5 2. c4 c6 3. Nf3 Nf6 4. e3 Bg4 5. Qb3 Qb6 6. Nc3 e6 7. Nh4 Bh5 8. h3
Be7 9. g4 Bg6 10. Nxg6 hxg6 11. Bg2 g5 (11... Nbd7 12. g5 Ng8 13. f4 (13. e4
Qxb3 14. axb3 dxc4 15. bxc4 e5 16. d5 Bb4 17. Ke2 Ne7 18. Be3 O-O 19. h4 Bc5
20. Bh3 Bxe3 21. fxe3 Rfd8 22. d6 Nc8 23. Bxd7 Rxd7 24. c5 b6 25. b4 a5 26.
Rhb1 Kh7 27. Na4 axb4 28. Nxb6 Nxb6 29. Rxa8 Nxa8 30. Rxb4 Ra7 31. Rb8 Nc7 32.
dxc7 Rxc7 33. Rf8 Ra7 34. Rc8 Ra6 35. Rc7 Kg8 36. Rc8+ Kh7 37. Kf3 f6 38. Rc7
fxg5 39. hxg5 Ra8 40. Ke2 Rc8 41. Rd7 Rd8 42. Rd6 Rc8 43. Kd3 Rc7 44. Kc4 Rc8
45. Re6 Rc7 46. Rxe5 Rc8 47. Re6 Rc7 48. e5 Rc8 49. Rd6 Rc7 50. e6 Rc8 51. e4
Rc7 52. Kd4 Rc8 53. Ke5 Rc7 54. Rd1 {1-0 Wang Yue (2736)-Balogh,C (2616)/
Beijing 2008/CBM 126 Extra}) 13... Qxb3 14. axb3 Bb4 15. Kf2 Ne7 16. e4 dxe4
17. Nxe4 Nf5 18. Rd1 O-O 19. Bd2 Bxd2 20. Rxd2 Rfd8 21. Bf3 Kf8 22. Rad1 a5 23.
d5 exd5 24. cxd5 c5 25. Bg4 b6 26. Bxf5 gxf5 27. Nc3 Re8 28. Re2 g6 29. Rde1
Rxe2+ 30. Rxe2 Rd8 31. Rd2 b5 32. d6 b4 33. Nd5 Re8 34. Nf6 Rd8 35. Nd5 Re8 36.
Re2 Re6 37. Rxe6 fxe6 38. Nf6 Nb6 39. h4 c4 40. bxc4 Nxc4 41. d7 Ke7 42. h5 {
1-0 Wang Yue (2736)-Villamayor,B (2468)/Dresden 2008/CB49_2008}) 12. c5 (12.
O-O Nbd7 13. Qxb6 axb6 14. cxd5 Nxd5 15. Ne2 O-O 16. a3 b5 17. Rb1 N5b6 18. Rd1
Nc4 19. Bf1 Ndb6 20. Kg2 Rfd8 21. Ng1 e5 22. Nf3 exd4 23. Rxd4 Rxd4 24. Nxd4 g6
25. Nf3 Kg7 26. Be2 Nd5 27. e4 Nf4+ 28. Bxf4 gxf4 29. Bxc4 bxc4 30. Ne5 Ra4 31.
Rc1 c3 32. Rxc3 Rxe4 33. Nd3 g5 34. Rb3 b5 35. Rc3 Rd4 36. b4 Bf6 37. Kf3 Rd8
38. Rb3 Rh8 39. Kg2 Bd4 40. Ne1 Re8 41. Nf3 Bf6 42. Rb1 Ra8 43. Rc1 Ra6 44. Rc2
Kh7 45. Rd2 Kg7 46. Rd6 Be7 47. Rd7 Bf6 48. h4 gxh4 49. g5 Bb2 50. Nxh4 Kg8 51.
Nf5 Rxa3 52. Ne7+ Kg7 53. Nxc6 Kg6 54. Rd5 Kh5 55. Nd8 Rb3 56. Rxb5 Kh4 57.
Nxf7 f3+ 58. Kh2 Bd4 59. Rf5 Bxf2 60. Rf4+ Kh5 61. g6 Kxg6 62. Rxf3 Rxf3 63.
Ne5+ Kf5 64. Nxf3 {1/2-1/2 Wang Yue (2736)-Inarkiev,E (2669)/Elista 2008/
CB01_2009}) 12... Qxb3 13. axb3 Na6 14. Bd2 Nc7 15. f4 gxf4 16. exf4 g6 17. Be3
a6 18. Ke2 Rh7 19. Bf2 O-O-O 20. Raf1 Rdh8 21. Kd3 Bd8 22. Be1 Kd7 23. b4 Kc8
24. Bd2 Kd7 25. Be1 Kc8 26. Bd2 Kd7 1/2-1/2

[Event "XXVI Ciudad de Linares"]
[Site "Linares"]
[Date "2009.02.25"]
[Round "6"]
[White "Carlsen, Magnus"]
[Black "Anand, Viswanathan"]
[Result "1-0"]
[WhiteElo "2776"]
[BlackElo "2791"]
[PlyCount "154"]
[EventDate "2009.??.??"]
[EventCountry "ESP"]
[Source "Chess Tigers"]
[SourceDate "2009.01.01"]

1. d4 d5 2. c4 c6 3. Nc3 Nf6 4. e3 e6 5. Nf3 Nbd7 6. Qc2 Bd6 7. g4 Nxg4 8. Rg1
Qf6 9. Rxg4 Qxf3 10. Rxg7 Nf6 11. h3 (11. Rg5 Ne4 (11... Ng4 12. h3 Nh2 13. Bg2
Qf6 14. f4 Bd7 15. Bh1 Qh6 16. Qg2 O-O-O 17. Bd2 Qh4+ 18. Qg3 Qxg5 19. Qxg5
Rhg8 20. Ke2 Rxg5 21. fxg5 e5 22. cxd5 exd4 23. dxc6 d3+ 24. Kxd3 bxc6 25. Bg2
Rg8 26. Ne4 Bf5 27. Ke2 Be5 28. Rc1 Bxe4 29. Bxe4 Rxg5 30. Rxc6+ Kb8 31. Rc5 f6
32. Bc3 h5 33. Bxe5+ fxe5 34. Rb5+ Kc7 35. Rb7+ Kd6 36. Rxa7 Rg3 37. Ra6+ Kc5
38. Rc6+ Kb4 39. Rc1 Rxh3 40. Rh1 Rh4 41. Kd3 Rh3 42. Bg2 Rh4 43. e4 Kc5 44.
Kc3 Kb5 45. b3 Kc5 46. a4 {1-0 Akopian,V (2630)-Sveshnikov,E (2585)/Tilburg
1994/CBM 044}) 12. Nxe4 Qxe4 13. Qxe4 dxe4 14. Rh5 f6 15. Bg2 f5 16. f3 exf3
17. Bxf3 Bd7 18. Bd2 O-O-O 19. Bc3 Be8 20. Rh3 Rg8 21. Kf2 Bg6 22. Rg1 f4 23.
exf4 Rgf8 24. Ke2 Rxf4 25. Bg4 Rdf8 26. Bxe6+ Kd8 27. Rg2 Re8 28. Re3 c5 29.
dxc5 Bxc5 30. Re5 Bd6 31. Re3 Bc5 32. Re5 Bd6 33. Re3 {1/2-1/2 Krasenkow,M 
(2661)-Dreev,A (2633)/Gausdal 2007/CBM 118}) 11... Qf5 $146 (11... h6 12. Bd2
e5 13. Rg3 Qh5 14. cxd5 exd4 15. Ne4 Nxe4 16. Qxe4+ Qe5 17. Qxe5+ Bxe5 18. Rf3
cxd5 19. Bb5+ Ke7 20. exd4 Bd6 21. Kf1 Be6 22. Re1 Rac8 23. Bd3 Rc6 24. Rf5 Rb6
25. b3 Bb4 26. Bxb4+ Rxb4 27. Rxd5 Kf6 28. Rd6 Ke7 29. Rd5 Kf6 {1/2-1/2
Aronian,L (2744)-Morozevich,A (2741)/Morelia/Linares 2007/CBM 117}) 12. Qxf5
exf5 13. cxd5 cxd5 14. Nb5 Bb4+ 15. Bd2 Bxd2+ 16. Kxd2 Ke7 17. Bd3 Be6 18. Nc7
Rag8 19. Nxe6 Kxe6 20. Rxg8 Nxg8 21. Ke2 Ne7 22. Kf3 Rc8 23. a4 Rc7 24. a5 h6
25. h4 Kf6 26. h5 Nc8 27. Kf4 Nd6 28. Rg1 Rc8 29. f3 Ke6 30. Rg7 Rh8 31. Bc2
Rc8 32. Bb3 Rh8 33. Rg1 Rc8 34. Rg7 Rh8 35. Rg2 Rc8 36. Rg1 Ne8 37. e4 fxe4 38.
fxe4 Nf6 39. e5 Ne4 40. Ke3 b6 41. axb6 axb6 42. Kd3 Nf2+ 43. Ke2 Ne4 44. Ke3
f6 45. Rg6 Rc1 46. Rxh6 Rh1 47. Bc2 Rh3+ 48. Kf4 Rh4+ 49. Kf3 Nd2+ 50. Ke2 Rh2+
51. Kd1 Nc4 52. Rxf6+ Ke7 53. Bg6 Rd2+ 54. Kc1 Rxd4 55. b3 Nxe5 56. Rxb6 Rh4
57. Bf5 Nf3 58. h6 Nd4 59. h7 Nxf5 60. Rb8 Nd4 61. Kb2 Kd6 62. h8=Q Rxh8 63.
Rxh8 Kc5 64. Rh5 Nc6 65. Rh4 Nb4 66. Ka3 d4 67. Rh5+ Nd5 68. Kb2 Kc6 69. Ka3
Kc5 70. Rh4 Nb4 71. Rh8 Nc6 72. Rh5+ Kd6 73. b4 d3 74. Rh3 Ne5 75. Kb3 d2 76.
Kc2 Nc6 77. Rh4 Kd5 1-0

[Event "XXVI Ciudad de Linares"]
[Site "Linares"]
[Date "2009.02.25"]
[Round "6"]
[White "Grischuk, Alexander"]
[Black "Aronian, Levon"]
[Result "1-0"]
[WhiteElo "2733"]
[BlackElo "2750"]
[PlyCount "117"]
[EventDate "2009.??.??"]
[EventCountry "ESP"]
[Source "Chess Tigers"]
[SourceDate "2009.01.01"]

1. d4 d5 2. c4 c6 3. Nf3 Nf6 4. Nc3 e6 5. Bg5 h6 6. Bh4 dxc4 7. e4 g5 8. Bg3 b5
9. Ne5 h5 10. h4 g4 11. Be2 Bb7 12. O-O Nbd7 13. Qc2 Nxe5 14. Bxe5 Bg7 15. b3
O-O $146 (15... cxb3 16. axb3 O-O 17. Bg3 (17. Rfd1 Qe7 18. Bf4 Nd7 19. e5 f5
20. exf6 Nxf6 21. Bg5 c5 22. d5 exd5 23. Nxd5 Bxd5 24. Rxd5 Qe4 25. Rxc5 Qxc2
26. Rxc2 Ne4 27. Ra6 {1/2-1/2 Volokitin,A (2678)-Gustafsson,J (2606)/Germany
2007/CBM 123}) 17... c5 (17... b4 18. Na4 Nd7 19. Rad1 Qe7 20. Nc5 Nxc5 21.
dxc5 Rfd8 22. Rd6 Bd4 23. e5 Rxd6 24. cxd6 Qf8 25. Qe4 Bb6 26. Kh2 Qh6 27. f3
Qe3 28. Qxe3 Bxe3 29. fxg4 c5 30. g5 c4 31. Bxc4 Kg7 32. Be2 Rh8 33. Bf4 Bb6
34. g6 Kxg6 35. Bg5 f5 36. exf6 Kf7 37. Rc1 a5 38. d7 Kg6 39. Bd3+ Kf7 40. Be2
Kg6 41. f7 {1-0 Avrukh,B (2641)-Sargissian,G (2673)/Germany 2007/CBM 123}) 18.
e5 Nd5 19. Nxb5 cxd4 20. Nd6 Rb8 21. Qd2 Nc3 22. Bd3 a5 23. Ra3 Bd5 24. Bc2 Rb6
25. Re1 a4 26. Qd3 f5 27. exf6 Rxf6 28. Nc4 Bxc4 29. bxc4 Qe7 30. Qxd4 Qxa3 31.
Qxb6 e5 32. Qd8+ Qf8 33. Qa5 e4 34. Bxe4 Nxe4 35. Rxe4 a3 36. Re3 Qf7 37. Qxa3
Qxc4 38. Qa5 Qf7 39. Re5 Rh6 40. Qd8+ Kh7 41. Re7 {1-0 Grischuk,A (2728)
-Karjakin,S (2727)/Sochi 2008/CBM 126}) 16. bxc4 Nh7 17. Bxg7 Kxg7 18. Rad1
Qxh4 19. cxb5 cxb5 20. Nxb5 Rac8 21. Qd3 Rfd8 22. d5 exd5 23. Qd4+ Kg8 24. Qxa7
Qe7 25. e5 Qxe5 26. Qxb7 Rb8 27. Qc7 Qxe2 28. Nd4 Qc4 29. Qe5 Re8 30. Qxh5 Rb6
31. Nf5 Rbe6 32. Ne3 Qxa2 33. Nxg4 Qe2 34. Qh4 Qc4 35. f4 Rg6 36. Rf3 Qc5+ 37.
Kh1 Qe7 38. Qh3 Qd6 $4 (38... Nf6 $142 $14) 39. f5 Rg5 40. Nh6+ Kf8 41. Nxf7
$18 Qf6 (41... Kxf7 42. Qxh7+ Kf8 $8 (42... Rg7 $2 43. Qh5+ Kf8 44. f6 $18) 43.
f6 $1 Ree5 44. Rh3 $18) 42. Nxg5 Nxg5 43. Qh4 Re7 44. Rh3 Qxf5 45. Qh8+ Kf7 46.
Rh5 Re8 47. Qh6 Rg8 48. Qd6 Rg6 49. Qxd5+ Qxd5 50. Rxd5 Ne4 51. Rhf5+ Kg7 52.
Rd7+ Kh6 53. Rf4 Ng3+ 54. Kh2 Nh5 55. Ra4 Nf6 56. Rdd4 Rg5 57. Rf4 Rg6 58. Rf3
Nh7 59. Rh3+ 1-0

[Event "XXVI Ciudad de Linares"]
[Site "Linares"]
[Date "2009.02.25"]
[Round "6"]
[White "Ivanchuk, Vassily"]
[Black "Dominguez Perez, Leinier"]
[Result "1/2-1/2"]
[WhiteElo "2779"]
[BlackElo "2717"]
[PlyCount "94"]
[EventDate "2009.??.??"]
[EventCountry "ESP"]
[Source "Chess Tigers"]
[SourceDate "2009.01.01"]

1. Nf3 c5 2. c4 Nc6 3. d4 cxd4 4. Nxd4 Nf6 5. g3 Qb6 6. Nc2 e6 7. Bg2 d5 8. O-O
Be7 9. cxd5 Nxd5 10. Nc3 $146 (10. Ne3 Nxe3 11. Bxe3 Qxb2 12. Bxc6+ bxc6 13.
Bd4 Qb5 (13... Qb7 14. Bxg7 Rg8 15. Bc3 c5 16. Qc2 Rg6 17. Nd2 Qc6 18. Nc4 Bb7
19. f3 f6 20. Na5 Qc7 21. Nxb7 Qxb7 22. Qa4+ Kf7 23. Rad1 a6 24. Rd2 Rd8 25.
Rxd8 Bxd8 26. Rd1 Be7 27. Qc4 Rg5 28. a4 Rd5 29. Ra1 h5 30. Kf2 Rd7 31. e4 Qc6
32. f4 Bf8 33. Rb1 Qd6 34. Ke3 Bh6 35. a5 Kg6 36. Ke2 h4 37. Rf1 f5 38. Rb1 Kh5
39. Rg1 Bg7 40. gxh4 Bh6 41. e5 Qd5 42. Qxd5 Rxd5 43. Bd2 Rd4 44. Be3 Ra4 45.
Kf3 Rxa5 46. Rd1 Kg6 47. Rd6 Kf7 48. h5 Rb5 49. Rd7+ Kg8 50. Rd6 Kf7 51. Rxa6
Bf8 52. Ra7+ Kg8 53. Rc7 Rb3 54. h4 Rb5 55. Ke2 Rb2+ 56. Kd3 Rb3+ 57. Kd2 Rb2+
58. Kc3 Rh2 59. Bxc5 Bxc5 60. Rxc5 Rxh4 61. Rc8+ Kg7 62. Kd4 Rxf4+ 63. Kc5 Ra4
64. Rc6 Kh6 65. Kd6 Kxh5 66. Kxe6 Kg4 67. Kf6 f4 68. e6 f3 69. e7 f2 70. Rc1 {
1/2-1/2 Topalov,V (2690)-Ponomariov,R (2616)/Las Vegas 1999/CBM 072}) 14. Bxg7
Rg8 15. Bc3 Ba6 16. Re1 Rd8 17. Qc2 Qf5 18. Qxf5 exf5 19. Nd2 f4 20. Nf3 c5 21.
Rac1 h5 22. Kf1 fxg3 23. hxg3 Rg4 24. Ne5 Ra4 25. Nc6 Rd6 26. Nxe7 Kxe7 27. Rc2
h4 28. Bd2 hxg3 {1/2-1/2 Bruzon Bautista,L (2652)-Anand,V (2803)/Leon 2006/CBM
112 ext}) (10. e4 Ndb4 11. Nxb4 Qxb4 12. Nc3 O-O 13. a3 Qb6 14. Rb1 Rd8 15. Qh5
Bd7 16. Be3 Qb3 17. Qd1 Qc4 18. Re1 Be8 19. Bf1 Rxd1 20. Bxc4 Rxe1+ 21. Rxe1 a6
22. Rd1 b5 23. Be2 Kf8 24. f4 Rc8 25. e5 Na5 26. Ne4 Nc4 27. Bxc4 Rxc4 28. Nd6
Rc2 29. Nxe8 Kxe8 30. Rd2 Rxd2 31. Bxd2 Kd7 32. Kf2 Kc6 33. Ke3 Kd5 34. Kd3 Bc5
35. g4 g6 36. g5 Bg1 37. h3 Bd4 38. b3 Bb2 39. a4 bxa4 40. bxa4 Kc5 41. Be1 Bd4
42. Bd2 Bf2 43. Ke2 Bh4 44. Kd3 Bg3 45. Ke3 Kc4 46. Kf3 Bh4 47. Kg2 Kb3 48. a5
Kc2 49. Bb4 Kd1 50. Bc5 Ke2 51. Bb6 Be1 52. h4 Bxh4 53. Kh3 Be1 54. Kg4 Bf2 55.
Bd8 {0-1 Kaidanov,G (2585)-De Firmian,N (2605)/Lexington 1995/EXT 1998}) 10...
Nxc3 11. bxc3 O-O 12. Be3 Qa5 13. Nd4 Ne5 14. Bf4 Nc4 15. Qd3 Qa4 16. Qe4 Re8
17. Rfd1 g5 18. Be5 Bd7 19. Bc7 e5 20. Nf5 Qc6 21. Rab1 Qxe4 22. Bxe4 Bxf5 23.
Bxf5 b6 24. Rd7 Rac8 25. Bd3 Na5 26. Bxe5 Nc6 27. Bd4 Red8 28. Rb7 Kf8 29. e3
h6 30. Bf5 Rb8 31. Rc7 Nxd4 32. cxd4 a5 33. Rb5 Rd6 34. Bd3 Bd8 35. Rc2 Rb7 36.
Kg2 Rdd7 37. Be4 Rbc7 38. Rcb2 Rc3 39. Kf3 Ke7 40. Kg4 Rd6 41. Rf5 Kf8 42. Kh5
Kg7 43. Bd5 Bf6 44. Bf3 a4 45. Be4 a3 46. Re2 Re6 47. Bd5 Rd6 1/2-1/2

[Event "XXVI Ciudad de Linares"]
[Site "Linares"]
[Date "2009.02.25"]
[Round "6"]
[White "Wang, Yue"]
[Black "Radjabov, Teimour"]
[Result "1/2-1/2"]
[WhiteElo "2739"]
[BlackElo "2760"]
[PlyCount "85"]
[EventDate "2009.??.??"]
[EventCountry "ESP"]
[Source "Chess Tigers"]
[SourceDate "2009.01.01"]

1. d4 Nf6 2. c4 g6 3. Nc3 Bg7 4. e4 d6 5. Nf3 O-O 6. Be2 e5 7. Be3 Ng4 8. Bg5
f6 9. Bh4 g5 10. Bg3 Nh6 11. d5 Nd7 12. O-O f5 13. exf5 Nc5 (13... Nxf5 14. Nd2
Nd4 15. Nde4 h6 (15... Nxe2+ 16. Qxe2 h6 17. b4 Nf6 18. h3 Bf5 19. Rfe1 Qd7 20.
a3 Qf7 21. Nxf6+ Qxf6 22. c5 Qg6 23. Rac1 h5 24. Kh1 Rf7 25. f3 Raf8 26. Rcd1
g4 27. fxg4 hxg4 28. h4 Bf6 29. Ne4 Be7 30. cxd6 cxd6 31. Qd3 Qh7 32. Kg1 Bg6 {
0-1 David,A (2573)-Bologan,V (2683)/Moscow 2005/CBM 106}) 16. Bg4 b6 17. f3 Nc5
18. Bxc8 Qxc8 19. Bf2 Qd7 20. Ng3 a5 21. Nce2 Nf5 22. Nxf5 Qxf5 23. Ng3 Qg6 24.
Bxc5 bxc5 25. Qb1 Qxb1 26. Raxb1 e4 27. Nxe4 Bd4+ 28. Kh1 a4 29. h4 gxh4 30.
Kh2 Rfb8 31. b3 axb3 32. axb3 Ra2 33. Rfd1 Kf7 34. Rd2 Ra3 35. Kh3 Raxb3 36.
Rxb3 Rxb3 37. Kxh4 Kg6 38. Rc2 Rb1 39. Ng3 h5 40. f4 Bf6+ 41. Kh3 Rb3 42. Kh2
h4 43. Ne2 Kf5 44. Ra2 Rb4 45. Ra8 Rxc4 46. Re8 Rb4 47. Re6 Rb3 48. g4+ hxg3+
49. Nxg3+ Kg4 50. Ne2 Rb2 51. Kg2 Be5 52. Kf2 Bxf4 53. Re7 Kf5 54. Rf7+ Ke5 55.
Kf3 Bd2 56. Rxc7 Kxd5 57. Ng3 Rb3+ 58. Kg2 Bf4 59. Ne2 Be5 60. Kf2 Ke4 61. Rh7
Rf3+ 62. Ke1 d5 63. Kd2 d4 64. Rh4+ Kd5 {0-1 Wang Yue (2739)-Radjabov,T (2761)/
Wijk aan Zee 2009/CB06_2009}) 14. b4 $146 (14. Qd2 g4 15. Nh4 a5 16. f3 gxf3
17. Rxf3 Ng4 18. h3 Bh6 19. Qe1 e4 20. Rf1 Ne5 21. Bxe5 dxe5 22. g4 Be3+ 23.
Kh1 Ra6 24. Ng2 Bd4 25. Qg3 Qg5 26. Rad1 Bxf5 27. Nb5 Qg7 28. Kh2 Bg6 29. Rxf8+
Kxf8 30. Nxc7 Rf6 31. Nb5 Bxb2 32. g5 Rf5 33. Bg4 Rf7 34. Rb1 Nd3 35. Rxb2 Nxb2
36. Qa3+ Kg8 37. Qxb2 Rf1 38. Nd6 Qe7 39. Be6+ Kf8 40. Qxe5 Qg7 41. Qxg7+ Kxg7
42. Nxb7 Rf2 43. c5 Rd2 44. c6 e3 45. Kg3 e2 46. c7 {1-0 Kasimdzhanov,R (2672)
-Cheparinov,I (2696)/Elista 2008/CB01_2009}) 14... e4 15. Nd4 Nd3 16. Nxe4 Bxd4
17. Rb1 Nxf2 18. Bxf2 Bxf2+ 19. Nxf2 Bxf5 20. Rb3 Qe7 21. Qd2 Rae8 22. Bh5 Bg6
23. Rh3 Qg7 24. Bxg6 Qxg6 25. Re3 Rxe3 26. Qxe3 b6 27. Re1 Nf5 28. Qe4 Qg7 29.
Nd3 a6 30. Rf1 Qd4+ 31. Qxd4 Nxd4 32. Rxf8+ Kxf8 33. Kf2 Ke7 34. Ke3 Nc2+ 35.
Ke4 b5 36. c5 h6 37. c6 Kf6 38. g3 Na3 39. g4 Nc2 40. h3 Na3 41. Kd4 Nc2+ 42.
Ke4 Na3 43. Kd4 1/2-1/2